000 00561nam a22002057a 4500
005 20260213104251.0
008 150330b xxu||||| |||| 00| 0 eng d
020 _a9789350001103
_c225.00
040 _aLoreto College
041 _aHindi
082 _a891.43
_bKAM
100 _aKamal,Arun
245 _aKathopakathan
_bArun Kamal ke sakshatkar (1999-2008)
_cArun Kamal
260 _aNew Delhi
_bVani Prakashan
_c2009
300 _a168p
_b22cm
650 _aHindi literature
650 _aKamal,Arun-Interviews
850 _aLCLIB
_bHinSemLib
942 _cBK
999 _c39898
_d90377